Online
Catalog

Financiamiento del pequeño industrial en los países en desarrollo / (Record no. 21430)

MARC details
000 -CABECERA
campo de control de longitud fija 01028nam a2200265 a 4500
001 - NÚMERO DE CONTROL
campo de control 000021932
005 - FECHA Y HORA DE LA ÚLTIMA TRANSACCIÓN
campo de control 20241031120757.0
008 - DATOS DE LONGITUD FIJA--INFORMACIÓN GENERAL
campo de control de longitud fija 100914s1970 mx 001 0 spa d
040 ## - FUENTE DE LA CATALOGACIÓN
Centro catalogador/agencia de origen DO-SdBNP
Lengua de catalogación spa
Centro/agencia transcriptor BNPHU
082 ## - NÚMERO DE LA CLASIFICACIÓN DECIMAL DEWEY
Número de clasificación 332.153
Número de documento/Ítem D247f
049 ## - FONDOS LOCALES (OCLC)
Fondos de biblioteca BNGR
100 1# - ENTRADA PRINCIPAL--NOMBRE DE PERSONA
Nombre de persona Davenport, Robert W.
9 (RLIN) 45514
245 10 - MENCIÓN DE TÍTULO
Título Financiamiento del pequeño industrial en los países en desarrollo /
Mención de responsabilidad, etc. Robert W. Davenport ; traducción de Francisco Gómez Palacio.
260 ## - PUBLICACIÓN, DISTRIBUCIÓN, ETC.
Lugar de publicación, distribución, etc. México, D. F. :
Nombre del editor, distribuidor, etc. Letras,
Fecha de publicación, distribución, etc. 1970.
300 ## - DESCRIPCIÓN FÍSICA
Extensión xvi, 507 p. ;
Dimensiones 21 cm.
500 ## - NOTA GENERAL
Nota general Incluye índice alfabético.
504 ## - NOTA DE BIBLIOGRAFÍA, ETC.
Nota de bibliografía, etc. Incluye referencias bibliográficas y notas al pie de las páginas.
534 ## - NOTA SOBRE LA VERSIÓN ORIGINAL
Encabezamiento principal del original Título de la obra en inglés:
Mención de título del original Financing the small manufacturer in developing countries
650 #4 - PUNTO DE ACCESO ADICIONAL DE MATERIA--TÉRMINO DE MATERIA
Término de materia o nombre geográfico como elemento de entrada Financiamiento industrial
9 (RLIN) 37146
650 #4 - PUNTO DE ACCESO ADICIONAL DE MATERIA--TÉRMINO DE MATERIA
Término de materia o nombre geográfico como elemento de entrada Pequeña y mediana empresa
9 (RLIN) 9517
650 #0 - PUNTO DE ACCESO ADICIONAL DE MATERIA--TÉRMINO DE MATERIA
Término de materia o nombre geográfico como elemento de entrada Países en desarrollo
9 (RLIN) 31487
650 #0 - PUNTO DE ACCESO ADICIONAL DE MATERIA--TÉRMINO DE MATERIA
Término de materia o nombre geográfico como elemento de entrada Organización industrial
9 (RLIN) 1580
700 1# - PUNTO DE ACCESO ADICIONAL--NOMBRE DE PERSONA
Nombre de persona Gómez Palacio, Francisco,
Término indicativo de función/relación tr.
9 (RLIN) 41542
910 ## - DATOS DE OPCIÓN DEL USUARIO (OCLC)
Datos de opción del usuario WM
Holdings
Estado de retiro Estado de pérdida Restricciones de uso No para préstamo Código de colección Localización permanente Ubicación/localización actual Ubicación en estantería Fecha de adquisición Número de inventario Total de préstamos Signatura topográfica completa Código de barras Fecha visto por última vez Precio válido a partir de Tipo de ítem Koha Número de copia
        Monografías: Libros y Folletos General General Depósito 14.09.2010 LF1   332.153 D247f 21932-10 25.06.2020 25.06.2020 Préstamo en sala  
      Préstamo restrigido Monografías: Libros y Folletos General General Depósito 14.09.2010 LF1   332.153 D247f 21932-20 25.06.2020 25.06.2020 Préstamo en sala e. 2
        Monografías: Libros y Folletos General General Depósito 14.09.2010 LF1   332.153 D247f 21932-30 25.06.2020 25.06.2020 Préstamo en sala e. 3

Powered by Koha